| 000 | 00870nam a2200241 a 4500 | ||
|---|---|---|---|
| 001 | BRCA_5654 | ||
| 005 | 20190320205152.0 | ||
| 008 | 220211t1903----mx-a######---o000-0#spa-# | ||
| 041 | _aspa | ||
| 044 | _amx | ||
| 050 | 4 |
_aNK4714 _b.P43 1903 |
|
| 100 | 1 |
_aPeñafiel, Antonio _910237 |
|
| 245 | 1 | 0 |
_aIndumentaria antigua, armas, vestidos guerreros y civíles de los antiguos mexicanos _cpor Antonio Peñafiel. |
| 260 |
_aMéxico _bTipografía de la Secretaría de Fomento _c1903 |
||
| 300 |
_a136 p. _bil. (algunas a color), 198 láminas _c47 cm. |
||
| 500 | _aContiene una imagén a blanco y negro del Volcán Popocatépetl desde Sta. Catarina; edición con Cantos Dorados. | ||
| 500 | _aEjemplar numerado 99 de 150 | ||
| 500 | _aF126 | ||
| 650 | 1 | 4 |
_aIndumentaria _zMéxico _9808 |
| 650 | 1 | 4 |
_aArmas y armaduras primitivas _914374 |
| 902 | _aGFM | ||
| 942 |
_2lcc _cB |
||
| 999 |
_c5347 _d5347 |
||